000 00752nam a2200241Ia 4500
003 OSt
005 20240401121913.0
008 210210b1946 xxu||||| |||| 00| 0 eng d
040 _cAL
041 _aKannada
082 _a859/1486
100 _aRAJARATNAM (G P)
_9137158
_dರಾಜರತ್ನಂ ಜಿ ಪಿ.
245 _aPanditana neralu mattu itara kathegalu
_bಪಂಡಿತನ ನೆರಳು ಮತ್ತು ಇತರ ಕಥೆಗಳು
260 _aBengaLUru
_bSatyashodhana Prakatana Mandira
_c1946
650 _aPanDitana
_9137159
650 _aneraLu
_9137160
650 _amattu
_9137161
650 _akathegaLu
_9137162
650 _aitara
_9137163
690 _aKannada Fiction
_9137164
906 _a022217
942 _2ddc
_cBK
999 _c146351
_d146351